000 00652nam a22001817a 4500
003 UA-OsUOA
001 8169
007 ta
008 20040802b un ||||| |||| 00| 0 ukr d
100 _aРачок П.
942 _cSA
040 _aUA-OsUOA
_cUA-OsUOA
_dUA-OsUOA
245 _aУкраїнська філія французької фірми в Березному
_b[Про вклад француз. інвесторів в реконструкцію Березнів. швей. ф-ки]
300 _aС.1
955 _a0
773 0 _w0
_tВісті Рівненщини
_dРівне
_d2004
_g№69/28 лип./
650 7 _aІнвестиції
_2UDC
999 _c294330
_d294330